书目信息 |
| 题名: |
国际通用英文打字
|
|
| 作者: | 郝楚 编译 | |
| 分册: | ||
| 出版信息: | 上海 上海交通大学出版社 1988 |
|
| 页数: | 179页 | |
| 开本: | 26cm | |
| 丛书名: | ||
| 单 册: | ||
| 中图分类: | TS879 | |
| 科图分类: | ||
| 主题词: | 印刷--技术 | |
| 电子资源: | ||
| ISBN: | 7-313-00107-X | |
| 000 | 00709nnam 2200241 45 | |
| 001 | 0196004959 | |
| 005 | 20070926144820.71 | |
| 010 | @a7-313-00107-X@dCNY3.85 | |
| 100 | @a19950616d1988 y0chiy0121 ea | |
| 101 | 0 | @achi |
| 102 | @aCN@b310000 | |
| 105 | @af z 001yy | |
| 200 | 10 | @a国际通用英文打字@AGUO JI TONG YONG YING WEN DA ZI@EXIU DING BAN@f郝 楚编译@FHAO CHU BIAN YI |
| 210 | @a上海@c上海交通大学出版社@d1988 | |
| 215 | @a179页@c插图@d26cm | |
| 300 | @a并列题名:The universal typing | |
| 314 | @a郝楚,华东师范大学任教 | |
| 510 | 1 | @aThe universal typing@zeng |
| 606 | 0 | @a印刷@x技术 |
| 690 | @aTS879 | |
| 701 | 0 | @a郝楚@AHAO CHU@4编译 |
| 801 | 0 | @aCN@bNLC@c20070926 |
| 905 | @dTS879@e26 | |
| 国际通用英文打字/郝 楚编译.-上海:上海交通大学出版社,1988 |
| 179页:插图;26cm |
| 并列题名:The universal typing |
| ISBN 7-313-00107-X:CNY3.85 |
| ● |
| 相关链接 |
|
|
|
|
正题名:国际通用英文打字
索取号:TS879/26
 
预约/预借
| 序号 | 登录号 | 条形码 | 馆藏地/架位号 | 状态 | 备注 |
| 1 | 0609821 | 206098211 | 第二样本阅览室/ [索取号:TS879/26] | 在馆 |